| 000 | 00389nam a22001457a 4500 | ||
|---|---|---|---|
| 020 | _a97896950310629 | ||
| 082 |
_a928 _bABD |
||
| 245 |
_aChand hum Asar/ _cDr.Maulvi Abdul Haq |
||
| 260 |
_aLahore: _bAl-Faisal Publisher, _c2017 |
||
| 300 | _a296p.; | ||
| 563 | _aHardcover | ||
| 880 |
_6100-01\r _aمولوی عبد الحق |
||
| 880 |
_6245-02\r _aچند ہم عصر |
||
| 942 |
_2ddc _cBK |
||
| 999 |
_c613013 _d613013 |
||